00420nam a22001457a 4500008004100000040005500041080001900096245003000115260003900145300001600184500001600200650001300216653002100229700002400250230808b |||||||| |||| 00| 0 eng d aNational Science LibrarycNational Science Library a551.46/.48(05) aAdvances in hydroscience  aNew York: bAcademic Press, c1970 axiv, 259p.  aVol. 6 1970 aScience  aWater resources  aChow, Ven Te (Ed.)